[Event "Thessaloniki-Chalkidiki-chT B local"]
[Site "Thessaloniki"]
[Date "2019.03.17"]
[Round "8.8"]
[White "Katsigris, Antonios"]
[Black "Haralabidis, Aristidis"]
[Result "1/2-1/2"]
[WhiteElo "1162"]
[BlackElo "1353"]
[PlyCount "65"]
[EventDate "2019.01.13"]
[EventType "team-swiss"]
[EventRounds "9"]
[EventCountry "GRE"]
[SourceTitle "EXT 2020"]
[Source "ChessBase"]
[SourceDate "2019.10.17"]
[SourceVersion "1"]
[SourceVersionDate "2019.10.17"]
[SourceQuality "1"]

1. d4 d5 2. c4 e6 3. a3 Nf6 4. Bg5 Be7 5. Nc3 0-0 6. e3 b6 7. Nf3 Bb7 8. cxd5 exd5 9. Bd3 Nbd7 10. 0-0 Ne4 11. Bf4 Bd6 12. Bxd6 Nxd6 13. Qc2 Nf6 14. Ng5 h6 15. Nh7 Nxh7 16. Bxh7+ Kh8 17. Bd3 Re8 18. Nb5 c6 19. Nxd6 Qxd6 20. Rac1 Rac8 21. b4 Rc7 22. Qb2 g6 23. Rc3 Rec8 24. Be2 Qe7 25. Rfc1 Ba8 26. Ba6 Re8 27. Qc2 Qg5 28. Bd3 h5 29. Qe2 Rce7 30. Qf3 h4 31. h3 f5 32. Kf1 Bb7 33. Qf4 1/2-1/2